[Event "ESP-chT"]
[Site "Sanxenxo"]
[Date "2004.11.25"]
[Round "8"]
[White "Moiseenko, Alexander"]
[Black "Giorgadze, Giorgi"]
[Result "1-0"]
[WhiteElo "2653"]
[BlackElo "2612"]
[Annotator "Ribli,Z"]
[PlyCount "63"]
[EventDate "2004.11.18"]
[EventType "team"]
[EventRounds "9"]
[EventCountry "ESP"]
[SourceTitle "CBM 105"]
[Source "ChessBase"]
[SourceDate "2005.04.11"]
[SourceVersion "1"]
[SourceVersionDate "2005.04.11"]
[SourceQuality "1"]

1. d4 d5 2. c4 e6 3. Nc3 Bb4 {Eine selten gespielte Zugfolge.} 4. Nf3 {Statt
dieser natürlicher Fortsetzung kann Weiß auch mit 4.a3, 4.cxd5 oder 4.e3
fortsetzen.} Nf6 {Mit Zugumstellung erhalten wir die Grundstellung der Ragozin
Variante im Damengambit.} 5. cxd5 exd5 6. Bg5 h6 {Das ist eine sehr scharfe
Variante, die ruhige Alternative ist 6...Nbd7.} 7. Bh4 {Weiß hat keine Angst
vor den Komplikationen; nach 7.Bxf6 bekommt das Spiel positionellen Charakter.}
(7. Bxf6 Qxf6 8. Qa4+ (8. Qb3) 8... Nc6 9. e3) 7... g5 8. Bg3 Ne4 9. Nd2 {
Dieses Bauernopfer ist die beste Möglichkeit für Weiß; im Falle von 9.Rc1 h5!
erlangt Schwarz gefährliches Gegenspiel.} Nxc3 10. bxc3 Bxc3 11. Rc1 Bb2 {
Mit diesem Zwischenzug greift Schwarz den Turm an; nach 12.Rc2 geht schon 12...
Bxd4 und wegen der schlechten Stellung des Turmes auf c2 geht nicht Qa4+.} (
11... Ba5) 12. Bxc7 (12. Rxc7 Na6 13. Rc2 Bxd4 14. e3 Bg7 15. Bxa6 bxa6 $11)
12... Qd7 $5 {Das ist die moderne Fortsetzung, aber die Alternative 12...Qe7
ist ebenfalls spielbar.} (12... Qe7 13. Bd6 Qe6 14. Rb1 $44) 13. Rb1 (13. Be5
Bxc1 14. Bxh8 Qc7 $5 (14... Bxd2+ 15. Qxd2 Qf5 16. f3 Nc6 17. e4 dxe4 18. d5
Ne7 19. Bc4 $44 {1-0 Lputian,S-Vasilevich,T/Abu Dhabi 2003/CBM 97 (38)}) 15. h4
Qc3 16. hxg5 Bxd2+ 17. Qxd2 Qa1+ 18. Qd1 Qc3+ 19. Qd2 {1/2-1/2 Schlosser,
P-Landa,K/Nancy FRA 2004/(19)}) 13... Bc3 {13...Bxd4?? wäre ein großer Fehler
wegen 14.Bxb8 Rxb8 15.e3, mit der Drohnung 16.Bb5 und es hängt gleichzeitig
der Bd4.} (13... Qxc7 14. Rxb2 Nc6 15. e3 $14 {1-0 Legky,N-Verat,L/Elancourt
2003/EXT 2004 (47)}) (13... Ba3 14. Bxb8 Rxb8 15. e3 O-O 16. Bd3 Kg7 17. Qb3
Be7 18. Bc2 Qe6 19. Qd3 Qg6 20. Qxg6+ fxg6 21. Ke2 Bd7 22. Bd3 Bd6 $11 {
0-1 Agrest,E-Vallin,G/France 2003/CBM 95 (57)}) 14. Be5 $146 {Eine
aussichtsreiche Neuerung! Früher spielte Weiß 14.Bxb8 und 14.Bg3, was auch
nicht schlecht ist.} (14. Bxb8 Rxb8 15. e3 O-O 16. Be2 (16. Bd3 Qg4 $1) 16...
Ba5 17. O-O Bc7 18. Qc2 Qd6 $6 (18... Qe7 $11 {/\ Bd6, Be6}) 19. Nf3 Qe7 20.
Qc5 $1 Qxc5 21. dxc5 Be6 22. Rfc1 $14 {Goldin,A-Kacheishvili,G/Denver 2002/CBM
101[Ribli] (22)}) (14. Bg3 $5 Nc6 15. e3 Qe7 16. Bb5 (16. Rc1 $5 Bb4 (16... Qb4
17. Qc2) 17. Bb5 Bd7 18. O-O O-O 19. Nf3 $14) 16... Bf5 17. Bxc6+ bxc6 18. Qc1
Bxb1 19. Qxc3 Qb7 20. O-O $44 {1/2-1/2 Dreev,A-Aleksandrov,A/Sochi 2004/CBM
101/[Ribli] (41)}) 14... O-O 15. Rb3 Ba5 (15... Qc6 16. e3 $44) 16. h4 $44 {
[%csl Rg8][%cal Gh1h8,Gb3h3] Weiß besitzt aufgrund der schwachen schwarzen
Königsstellung eine befriedigende Kompensation für den Minusbauern. Des
weiteren sind seine beide Türme aktiv.} Nc6 $2 {[%mdl 16384] Dieser
Springerzug ist ziemlich optimistisch - es wäre viel besser 16...g4 ziehen, um
den Königsflügel geschlossen halten.} (16... g4 $142 17. e3 Nc6 18. Bf4 Qe6 19.
Be2 $44) 17. hxg5 Nxe5 18. dxe5 Qc7 (18... hxg5 19. e3 $44 {[%cal Rd1h5]} (19.
Rbh3 Qf5 $13)) 19. e3 (19. gxh6 Qxe5 20. e3 $16) 19... Qxe5 20. f4 Qc7 (20...
Qe4 21. Kf2 Bxd2 22. Qxd2 hxg5 23. Qd1 $1 {[%cal Rd1h5,Rh1h8]} (23. Bd3 $40)
23... g4 24. Bd3 $40) 21. Rxh6 Re8 {Es droht 22...Qxf4.} 22. Kf2 $1 {Mit
diesem Zug vermeindet Weiß die Fesselung seines d2-Springers und bringt seinen
König in sichere Stellung.} (22. Qa1 $6 d4 $132) 22... d4 23. Kg1 $1 $16 {
[%csl Gg1,Rg8] Der weiße König steht sicher, während sich der schwarze in
höchster Not befindet.} Bf5 (23... dxe3 24. Qa1 {[%cal Ra1h8,Rh8g8]} Re5 25.
Nc4 $18 (25. Ne4 $18)) 24. Qh5 {[%mdl 128] Es droht 25.Rh8+ Kg7 26.Qh6#.} (24.
Nc4 Bc3 (24... dxe3 25. Qd4 Bh7 26. Bd3 $18) 25. Nd6 $18) 24... Kg7 25. e4 (25.
Nc4 dxe3 26. Nd6 $18) 25... Rxe4 (25... Bxe4 26. Nxe4 Rxe4 27. Rh7+ $18) 26.
Nxe4 Bxe4 27. Rh3 $18 {[%csl Rg7,Gh3,Gh5,Gh6] Weiß hat drei Schwerfiguren auf
der h-Linie positioniert, die ihm zu einem siegreichen Angriff verhelfen.} d3
28. Rh7+ (28. Rh8 $18) 28... Kf8 (28... Bxh7 29. Qxh7+ Kf8 30. Qh8+ Ke7 31.
Qf6+ Kd7 32. Rxd3+ $18) 29. g6 $1 Bb6+ (29... Qb6+ 30. Kh2 Bxg6 31. Rh8+ Ke7
32. Qe5+ $18) 30. Kh1 Bxg6 31. Qxg6 Qxf4 (31... fxg6 32. Rxc7 Bxc7 33. Rh8+ $18
) 32. Qg7+ 1-0

[Event "Escaldes zt"]
[Site "Escaldes"]
[Date "1998.11.13"]
[Round "8"]
[White "Comas Fabrego, Luis"]
[Black "Piket, Jeroen"]
[Result "1/2-1/2"]
[WhiteElo "2540"]
[BlackElo "2605"]
[Annotator "Ribli,Z"]
[PlyCount "150"]
[EventDate "1998.11.06"]
[EventType "swiss"]
[EventRounds "9"]
[EventCountry "AND"]
[SourceTitle "CBM 068"]
[Source "ChessBase"]
[SourceDate "1999.02.01"]
[SourceVersion "1"]
[SourceVersionDate "1999.02.01"]
[SourceQuality "1"]

{[%mdl 4096]} 1. c4 {Hansen,Cu} e6 2. Nc3 d5 3. d4 Bb4 {Das ist in letzter
Zeit eine sehr populäre Fortsetzung. Ribli.} 4. cxd5 (4. Nf3) (4. a3) (4. e3)
4... exd5 5. Nf3 Nf6 {Das ist die Grundstellung der Ragosin-Variante.} 6. Qa4+
{Eine seltene Fortsetzung. Häufiger wird die Alternative 6.Bg5 gespielt.} Nc6
7. Bg5 h6 8. Bxf6 Qxf6 9. e3 {Schwarz hat das Läuferpaar, aber sein Springer
steht unnatürlich auf c6. Weiß kann die halboffene c-Linie besetzen.} O-O 10.
Be2 Be6 11. O-O a6 {Schwarz verteidigt sich gegen eventuelles Qb5 und sichert
seine spätere Läuferstellung auf d6 gegen Nb5 ab.} 12. Rfc1 {[%cal Gc1c7]} Bd6
13. Qd1 Ne7 {Der schwarze Springer strebt nach f5 oder g6 und der eventuelle
Bauernzug ...c7-c6 wird möglich.} (13... Rae8 14. a3 Nd8 15. b4 c6 16. Na4 Qe7
17. Nc5 f5 18. g3 Bf7 19. Nd3 Bh5 20. Nfe5 Bxe2 21. Qxe2 Bxe5 22. Nxe5 Rf6 23.
Rab1 {[%cal Gd8f7] Und hier wurde Remis gegeben in Horváth,Jó.- Palac,M.Cannes
1993.}) 14. Na4 {[%cal Ga4c5]} b6 {[#]} 15. b4 {Weiß führt den
"Minoritätsangriff" am Damenflügel. Mit drei Bauern gegen vier und mit der
c-Linie hat er dort die besseren Aussichten.} (15. Qf1 a5 16. Qd1 g5 17. Ne1
Qg7 18. Nd3 g4 19. Qd2 h5 20. Bf1 h4 21. Nc3 c6 22. Ne2 Bd7 23. Nef4 Ng6 24. g3
Rfe8 25. Nxg6 Qxg6 26. a3 Qh6 27. Rc2 hxg3 28. hxg3 Kg7 29. Bg2 Rh8 30. e4 {
1/2-1/2 Soffer,R-Slutzky,L/Tel Aviv 1993/EXT 98 (35)}) (15. a3 g5 16. Nd2 Qg7
17. Nf1 f5 18. Nc3 Kh8 19. b4 f4 20. e4 dxe4 21. Nxe4 Nf5 22. Nxd6 Nxd6 23. d5
Bg8 24. Ra2 Rfe8 25. Rac2 {1/2-1/2 Hansen,L-Hansen,C/DEN-ch 1994/CBM 41 (25)})
(15. Nc3) 15... Rfe8 $5 $146 {[#]} (15... g5 $5 {Natürlich kommt nach 15...
Bxb4? 16.Rxc7 mit viel besserer Bauernstruktur für Weiß.} 16. Nb2 (16. g3 Ng6
17. Ne1 Qg7 18. Kh1 f5 19. f4 Bxb4 20. Rc6 Rfe8 21. Nd3 Bd6 22. Ne5 $44 {
Weiß hat positionellen Druck für den Bauern. Grószpéter - Horváth,Jó.Zenica
1987.}) 16... Ng6 17. Nd3 h5 18. Nfe5 g4 19. f4 (19. Nc6 $5) 19... Nh4 20. a4
Qg7 21. a5 $6 (21. b5 $15) 21... f6 22. Nc6 Nf5 23. Qd2 Rfe8 $17 {/\ De1+.
Hansen,Cu. 0-1 Beliavsky,A-Lautier,J/Biel 1992/CBM 31/[Hansen,Cu] (40)}) 16.
Qb3 g5 $13 {Schwarz sucht seine Chancen am Königsflügel.} 17. Nb2 {[%cal Gb2d3,
Gd3e5,Gf3e5]} (17. Nc5 $2 bxc5 18. bxc5 {[%cal Rc5d6]} g4 19. Ne1 Bxh2+ 20.
Kxh2 Qxf2 $19) 17... g4 18. Ne5 {Weiß opfert einen Bauern für Aktivität.} (18.
Ne1 c5 $1 (18... Qh4 19. g3) 19. bxc5 bxc5 20. dxc5 $2 Be5 {[%cal Rf6a1]} 21.
Ned3 Reb8 {[%cal Rb8b2]}) 18... Bxe5 19. dxe5 Qxe5 20. Nd3 Qg5 (20... Qd6 21.
Qc3 $44 {[%cal Gc1c7,Gc3f6]}) 21. Nf4 $44 {[%csl Gf4][%cal Rc1c7,Gf4e6]
Schwarz hat einen Bauern mehr, aber seine Bauern am Königsflügel sind schwach
und Weiß hat eine ausgezeichnete Springerstellung auf f4.} (21. Rxc7 d4 $17 {
[%cal Re6b3,Rd4e3]}) 21... c6 22. Qb2 {[%cal Gb2h8]} Bd7 23. a4 Ng6 $5 {
[%cal Gg6f4] Es ist logisch, daß Schwarz den starken f4-Springer tauschen
möchte.} (23... a5 24. bxa5 bxa5 25. Rc5 $44 {[%csl Gc5]}) 24. Nxg6 Qxg6 25.
Qd4 {[%csl Gd4][%cal Rd4b6]} b5 (25... Reb8 $6 26. b5 axb5 27. axb5 $36) 26.
Bd3 Qg7 $15 {[%cal Gg7d4] Schwarz möchte die Damen tauschen, denn er hat ja
einen Mehrbauern.} 27. Qf4 (27. Qc5 Qf6 $15) (27. a5 $5 Qxd4 28. exd4 Kg7 $15 {
Weiß hat eine gute Blockadestellung, aber ohne Damen wenig Gegenspiel.}) 27...
bxa4 $5 28. Bf5 (28. Rxa4 c5 29. Rxa6 c4 30. Rxa8 Rxa8 $15 {[%csl Gc4][%cal
Ga8a1]}) 28... Bxf5 29. Qxf5 {[%csl Ra4,Rc6][%cal Rc1c6,Ra1a4] [#]Weiß hat
schon zwei Minusbauern, aber die schwarze Bauernstruktur ist schlecht.} d4 $5
30. exd4 Qxd4 {[%csl Gd4]} 31. Rd1 $1 {Das Gegenspiel ist wichtiger als ein 
(weiterer) Bauer.} (31. Rxa4 Re2 $17 {[%cal Ra8e8,Re8e1]}) 31... Qxb4 (31...
Qe4 32. Qc5 $15 (32. Qxe4 Rxe4 33. Rxa4 c5 $17 {[%cal Ge4a4]})) 32. h3 $8 {
[%csl Rg8] Spiel gegen den schwarzen König ist die einzige weiße Gegenchance.
Mit dem Textzug befreit Weiß die Grundreihe und aktiviert seinen Turm.} (32.
Rab1 Qe4 33. Qxe4 Rxe4 $17) 32... gxh3 33. Rd3 {[%cal Rd3g3,Rg3g8]} Re1+ (33...
Re6 34. Rg3+ Kf8 35. Rf3 {[%cal Rf3f8,Rf5e6]} Re7 (35... Re1+ 36. Kh2 Qd6+ 37.
g3 Re7 38. Rxa4 $15 {[%csl Ga4,Gf3,Gf5]}) 36. Qf6) 34. Rxe1 Qxe1+ 35. Kh2 Qe6
$17 (35... Re8 36. Qf6 $1 Qe5+ 37. Rg3+ $40 {[%csl Gf6,Gg3][%cal Rg3g8]}) 36.
Qf4 (36. Qxe6 fxe6 $19 {Schwarz hat sechs (!) isolierte Bauern, aber sein
Materialvorteil muß zu verwerten sein.}) 36... Re8 (36... hxg2 37. Re3 $1 Qg6 (
37... Qd7 38. Qxh6 {[%csl Rg8][%cal Re3g3,Rg3g8]}) 38. Rg3 $16) 37. Rxh3 {
Jetzt hat Weiß nur drei Bauern weniger und entfaltet etwas Aktivität.} Qe5 $2 (
37... Kh7 38. Qxa4 Qd6+ $17) 38. Rg3+ (38. Qxe5 Rxe5 $19 {[%csl Ga4][%cal
Re5a5,Ga5a1]}) 38... Kf8 39. Qxa4 {[%csl Ra6,Rc6]} Re6 $6 (39... Qh5+ 40. Rh3
Qb5 41. Qa3+ $17) 40. Qxa6 {Schwarz hat seine Stellung konsolidiert und Weiß
ist noch einen Bauern im Rückstand.} Rg6 {[%csl Rg3,Rh2][%cal Ge5h2]} 41. Qa3+
c5 42. Qc3 Qd6 $6 (42... Qxc3 $5 43. Rxc3 Rc6 {[%csl Gc5,Gc6]} 44. Kg3 Ke7 $17
{Der schwarze c5-Bauer ist stark, was dem Nachziehenden gute Gewinnchancen
bietet.}) 43. f4 $1 $15 {Ein ausgezeichneter Verteidigungszug.} Rf6 (43... Qxf4
44. Qxc5+ Kg7 45. Qe3 Qxg3+ 46. Qxg3 Rxg3 47. Kxg3 $11 {Trotz des Bauernminus
kann Weiß das Remis erreichen. Der Franzose Chéron analysierte solche
Endspiele schon 1926!}) (43... Rxg3 44. Kxg3 Qd4 45. Qxd4 cxd4 46. Kf3 $11) 44.
Kg1 Qd1+ {Schwarz kann nicht auf f4 nehmen:} (44... Qxf4 $2 45. Rf3 $16) (44...
Rxf4 $2 45. Qh8+ Ke7 46. Re3+ Kd7 47. Qe8+ Kc7 48. Re7+ Kb6 49. Rd7 $18 {
[%csl Rb6,Rd6,Gd7,Ge8]}) 45. Kh2 Qd6 46. Kg1 Qd4+ {Das ist die beste
Möglichkeit für Schwarz.} 47. Qxd4 cxd4 {[#]} 48. Rf3 Ke7 49. g3 $1 {Mit
diesem Zug befreit Weiß seinen Turm.} (49. Kf2 Kd6 $17) 49... Kd6 50. Ra3 {
[%csl Ga3]} Kd5 51. Kf2 {Die Verwertung eines Mehrbauern ist im Turmendspiel
immer schwierig.} Re6 52. Ra7 {[%csl Ga7] Der weiße Turm steht gut, greift den
f7-Bauern an.} f6 53. Rd7+ Kc4 (53... Ke4 $6 54. Ke2) 54. Rc7+ Kb3 (54... Kd3
55. Rh7 Kc2 56. Rxh6 d3 57. Rh7 {Das führt zur Partie nach dem 61.weisen Zug.})
55. Rb7+ Kc3 56. Rc7+ Kb3 {Schwarz möchte seinen d-Bauern noch nicht in
Bewegung setzen, aber anders kommt er nicht voran.} 57. Rb7+ Kc3 58. Rc7+ Kd2 (
58... Kb3 $2 $11 {Das wäre dreimalige Stellungswiederholung.}) 59. Rh7 {
Weiß kann die Zeit nutzen, den h-Bauern anzugreifen.} d3 $17 (59... f5 60. Rf7
$15) 60. Rxh6 Kc2 {[%csl Gd3]} (60... Rc6 61. Rh1 $1 (61. Rh7 Kc1 (61... Kc2
62. Rd7 d2 63. Ke2 Re6+ {Zugumstellung zur Partie.}) 62. Rd7 d2 63. Kf3 d1=Q+
64. Rxd1+ Kxd1 $19 {Und Weiß hat nicht wie in der Partie das wichtige Tempo
Kg4-f5 gewonnen.}) 61... Kc2 62. Kf3) 61. Rh7 (61. Rh1 d2 62. g4 (62. Kf3 Re1
63. Rh2 Kd3 64. Rxd2+ Kxd2 $19) 62... d1=Q 63. Rxd1 Kxd1 $19) 61... Rc6 (61...
Rd6 62. Rc7+ Kd1 63. g4 $11) 62. Rd7 d2 63. Ke2 $5 (63. Kf3 d1=Q+ 64. Rxd1 Kxd1
$19) 63... Re6+ $2 (63... Kc1 $1 {Mit diesem unscheinbaren Zug gewinnt Schwarz
ein wichtiges Tempo.} 64. Rxd2 (64. g4 Re6+ 65. Kf3 d1=Q+ 66. Rxd1+ Kxd1 67. f5
(67. g5 f5 $19) 67... Re5 68. Kf4 Ra5 $19) (64. f5 Rc2 65. Rxd2 Rxd2+ $19)
64... Re6+ 65. Kf3 Kxd2 66. Kg4 Ke3 $19) 64. Kf3 d1=Q+ (64... f5 65. g4 $11)
65. Rxd1 Kxd1 {Schwarz hat großen Materialvorteil, aber sein König ist weit
von den Bauern entfernt.} 66. Kg4 $1 {Hansen,Cu: 'Why is black not winning?
Well actually he is - but there are quit a number of ways to go wrong.
Unfortunately for Piket he chooses one of them.'} (66. g4 Kd2 67. g5 (67. f5
Re3+ 68. Kf4 Kd3 69. g5 Re4+ $19) 67... f5 $19) 66... Ke2 {'?!' Hansen,Cu.
Hansen,Cu: 'This move does not throw away the win but it does make things a
lot more difficult. The easy way was the pasive and therefore slightly
illogical:'} (66... Re3 67. Kf5 Rxg3 68. Kxf6 $11 {[%csl Rd1]} (68. Kxf6 {
Hansen,Cu} Ke2 69. f5 Kf3 70. Ke6 $11)) (66... Re8 $1 {Hansen,Cu} 67. Kf5 Rf8
68. Kg6 f5 69. Kg7 Ke2 70. Kxf8 Kf3 71. Kf7 Kxg3 $19) (66... Re1 {Hansen,Cu}
67. Kf5 Ke2 68. Kxf6 Kf3 69. f5 Kg4 (69... Kxg3 70. Kg6 $11) 70. Kg6 $11) 67.
Kf5 Ra6 {'?' Hansen,Cu. Hansen,Cu: 'I believe the position is draw after this
move'} (67... Re3 68. Kxf6 $11) (67... Re8 $1 {Hansen,Cu} 68. Kxf6 Kf3 69. f5 (
69. Kf7 Ra8 70. f5 Ke4 71. f6 Ke5 72. g4 Ra7+ $1 (72... Ra6 $2 73. g5 Kf5 74.
Kg7 Kxg5 75. f7 $11) 73. Kg6 Ke6 74. g5 Rb7 75. Kh6 Kf5 $19) 69... Rf8+ $1 70.
Kg6 Ke4 71. g4 Ke5 72. Kg7 Rf6 $1 $19) 68. g4 Kf3 69. g5 Ra5+ (69... fxg5 70.
fxg5 Ra5+ 71. Kf6 $11) 70. Kxf6 Kxf4 71. g6 $11 {[%csl Rf4,Gf6,Gg6] Der
schwarze König steht zu schlecht. Weiß kann das Remis erreichen.} Ra6+ 72. Kf7
Kf5 73. g7 Ra7+ 74. Kg8 $1 {Mit dem Springerbauern hält man so Remis.} (74. Kf8
Kf6 75. g8=N+ {Das ist auch eine theoretische Remisstellung, aber die
Partiefortsetzung ist noch einfacher.}) 74... Kg6 75. Kh8 Rxg7 {Patt.} (75...
Ra8+ 76. g8=Q+ Rxg8+ 77. Kxg8) 1/2-1/2

[Event "USA-ch"]
[Site "San Diego"]
[Date "2004.11.25"]
[Round "2"]
[White "Novikov, Igor A"]
[Black "Wojtkiewicz, Aleksander"]
[Result "1/2-1/2"]
[WhiteElo "2588"]
[BlackElo "2539"]
[Annotator "Ribli,Z"]
[PlyCount "107"]
[EventDate "2004.11.24"]
[EventType "swiss"]
[EventRounds "9"]
[EventCountry "USA"]
[SourceTitle "CBM 105"]
[Source "ChessBase"]
[SourceDate "2005.04.11"]
[SourceVersion "1"]
[SourceVersionDate "2005.04.11"]
[SourceQuality "1"]

1. d4 Nf6 2. c4 e6 3. Nf3 d5 4. Nc3 Bb4 5. Bg5 {Nach diesem Zug muß Weiß auch
mit der Alternative 5...dxc4 6.e4 c5 (Wiener Variante) rechnen.} h6 6. Bxf6 (6.
Bh4 dxc4 $13) 6... Qxf6 7. Qb3 c5 8. cxd5 exd5 (8... cxd4 $2 9. Qxb4 dxc3 10.
dxe6 $16 {Diese Variante ist bekannt seit der Partie Alekhine,A - Marshall F
New York 1927.}) 9. e3 O-O (9... Nc6 10. Bb5 O-O 11. dxc5 d4 12. Bxc6 dxc3 13.
Qxb4 cxb2 14. Rb1 bxc6 15. O-O Ba6 16. Rfe1 Rab8 17. Qa3 Bc4 18. Nd4 Rfe8 19.
Rxb2 $14) 10. dxc5 Bxc3+ 11. bxc3 {Dieser Zug bietet Weiß mehr Chancen auf
einen Eröffnungsvorteil, als der Damentausch.} (11. Qxc3 Qxc3+ 12. bxc3 Be6 13.
Nd4 Rc8 $11) 11... Nd7 {Dieser Springerzug wird selten gespielt. Die
theoretische Hauptfortsetzung ist 11...Be6!?, wonach Schwarz vollwertiges
Spiel erhält.} (11... Qc6 12. Qb4 (12. Qb5 Qc7 13. Nd4 Bd7 $5 14. Qb4 Rc8 15.
Rc1 Be6 16. Be2 Nc6 17. Qb1 Na5 18. Nxe6 fxe6 19. O-O Qxc5 {1/2-1/2 Bellon
Lopez,J-Hernando Rodrigo,J/Las Palmas ESP 1999 (66)}) 12... Nd7 (12... Be6 13.
Nd4 Qc7 14. Be2 Nd7 15. c4 Qxc5 16. Qxc5 Nxc5 17. Nxe6 fxe6 18. cxd5 exd5 19.
Bf3 {1-0 Kramnik,V-San Segundo ,P/Rapidplay, Villarrobledo ESP 1998 (38)}) 13.
Bb5 Qxc5 14. Bxd7 Qxb4 15. cxb4 Bxd7 $11 {Yermolinsky,A-Blatny,P/Los Angeles
1999/}) (11... Be6 $5 12. Nd4 (12. Rc1 Nd7 13. Qxb7 Nxc5 14. Qb4 Rfc8 15. Qd4
Qxd4 $1 16. Nxd4 Rab8 17. Bb5 $5 a6 18. Be2 Rb2 19. O-O Rxa2 20. Ra1 Rxa1 21.
Rxa1 Ne4 $11 {1/2-1/2 Zhukova,N-Lomineishvili,M/Varna 2002/[Lomineishvili,M] 
(30)}) 12... Nd7 13. Qa3 (13. Qxb7 Nxc5 14. Qb2 Qg5 15. Qc2 Rac8 16. h4 Qe7 17.
Bd3 Bd7 18. Rc1 Rc7 19. g3 Ne4 $44 {1/2-1/2 Nikolic,P-Kacheishvili,G/Ohrid
2001 (19)}) 13... Ne5 (13... Qg5 $5 14. c6 bxc6 15. Nxc6 Kh8 16. Nd4 Rfc8 17.
Qd6 Nf6 18. Qg3 Rxc3 19. Bb5 Qxg3 $11 {1/2-1/2 Lapshun,Y-Serper,G/USA (ch) 84/
(347) 2002 (19)}) 14. Be2 Qg6 15. O-O-O Rfc8 16. f4 Nc4 17. Bxc4 dxc4 18. Rd2
Bd7 19. Re1 Qe4 20. Qb4 Rc7 21. Qb1 Qe7 22. e4 Qxc5 23. e5 a5 {1/2-1/2
Gagunashvili,M-Aleksandrov,A/Batumi GEO 2002/ (67)}) (11... Na6 $6 12. Bxa6
Qxa6 13. Nd4 Bd7 14. Kd2 $1 Rfc8 15. Rhb1 Rab8 (15... Rxc5 $2 16. Qxb7 $16) 16.
Qxd5 Bc6 17. Qf5 $16 {Makarychev/EXP 56 (17)}) 12. Nd4 Nxc5 13. Qxd5 Qe7 $44 {
Eine typische Stellung in der Ragozin-Variante - Weiß hat einen Bauern mehr,
aber wegen des vereinzelten c-Bauern besitzt Schwarz dauerhafte Kompensation.}
(13... b6 14. Qf3 (14. Qxa8 Bb7 15. Qxa7 Ra8 16. Qxa8+ Bxa8 $13) 14... Qd6 15.
Qxa8 Bb7 16. Qxa7 Ra8 17. Qxa8+ Bxa8 18. f3 Na4 19. Kf2 Nxc3 20. Be2 {1/2-1/2
Tondivar,B-Wagenmakers,E/Leeuwarden 1995/EXT 95 (36)}) 14. Be2 Ne4 (14... Rd8
15. Qf3 Ne4 16. Rc1 $14) 15. Qa5 (15. Rc1 Rd8 16. Qa5 b6 17. Qb4 Qh4 18. O-O
Bb7 $14) 15... Nc5 16. O-O b6 17. Qb4 $14 Bb7 {Schwarz verfügt über eine
gesunde Bauernstruktur und besitzt keine Schwächen; Weiß hat einen Bauern mehr
und den d4-Festpunkt für den Springer.} 18. Bf3 {Das ist eine gute Idee, um
den gegnerischen Läufer auf der Diagonale zu tauschen.} Bxf3 19. Nxf3 Rfc8 {
[%csl Yc3][%cal Gc8c3][%mdl 32] Der potentielle Zielpunkt des schwarzen
Spieles ist der Pc3.} 20. Rfd1 Rc7 21. Nd4 (21. Rd4 Rac8 22. Rad1 Ne6 $44)
21... Ne4 {[%cal Ge4c3] Nach diesem Zug muss Weiß die Damen tauschen.} 22. Qxe7
Rxe7 23. Ne2 (23. c4 Rc8 24. Nf5 Re5 $44) 23... Rc8 24. Rac1 Rec7 {[%csl Rc3]}
25. Rd3 b5 {[%cal Gb5b4] Es droht 26...b4.} 26. f3 {Weiß muss den Springer von
e4 verjagen.} Nc5 27. Rd5 a6 {[%csl Ya4,Ga6,Gb5,Yc4] Schwarz verbessert seine
Bauernstellung am Damenflügel und sein Springer kann auf a4 oder c4 ein
postitionell wichtiges Feld erreichen.} 28. Rcd1 {[%cal Gd5d8,Gd8c8,Gd8g8]
Schwarz verfügt über starken Druck auf der c-Linie, aus diesem Grund möchte
Weiß sein Turmpaar tauschen.} (28. e4 Na4 29. Rd6 Nxc3 (29... b4 30. Rxa6 Nxc3
$14) 30. Nxc3 Rxc3 31. Rxc3 Rxc3 32. Rxa6 b4 $14) 28... Na4 29. Rd8+ Rxd8 30.
Rxd8+ Kh7 31. Rd3 Nb2 32. Rd6 Nc4 {[%cal Gc4e3,Gc4d6]} 33. Rxa6 (33. Rd3 Nb2)
33... Nxe3 34. a4 bxa4 35. Rxa4 {[%mdl 4096]} Nd1 {Weiß besitzt einen
Mehrbauern, aber die schwarze Figuren stehen sehr aktiv und der Pc3 ist jetzt
schwach.} 36. Ra3 (36. c4 Ne3 $11 (36... Nb2 $11)) 36... h5 $1 {Schwarz
verbessert seine Bauernstellung und erlangt Raumvorteil am Königsflügel.} 37.
h4 g6 38. Rb3 (38. Kf1) 38... Re7 39. Rb1 (39. Kf1 Ne3+ 40. Kf2 Nxg2 $11) 39...
Ne3 (39... Rxe2 40. Rxd1 Rc2 41. Rd3 Kg7 $14 {[%csl Gc2][%cal Gc2g2,Gc2c3]})
40. Nd4 Rc7 41. Ne2 Re7 42. Ng3 Rc7 43. Ne4 Kg7 (43... f5 $2 {Dieser Zug
schwächt den schwarzen Königsflügel.} 44. Ng5+ Kh6 45. Rb8 Rxc3 $4 46. Rb7 $18)
44. Rc1 Rc4 45. Nd6 Rc6 (45... Rxh4 46. c4 Rd4 47. c5 $14) 46. Ne4 (46. Nb5 Rc5
47. Nd4 Rc4 $14) 46... Rc4 47. Nd2 Rxh4 $11 {Die Stellung ist materiell
ausgeglichen.} 48. Re1 (48. c4 Rd4 49. Kf2 Nxg2 $5 (49... Rxd2+ 50. Kxe3 Rxg2
51. c5 Ra2 52. c6 Ra8 53. c7 Rc8 54. Kd4 Kf6 55. Kd5 Kg5 56. Kd6 Kf4 57. Kd7
Ra8 58. c8=Q Rxc8 59. Rxc8 Kxf3 60. Ke7 h4 $11) 50. Nb3 Rd3 (50... Nf4 51. Ke3
Rd3+ 52. Kxf4 Rxb3 53. c5 Kf6 54. c6 Rb8 55. c7 Rc8 56. Rc6+ Ke7 57. Kg5 $15)
51. Kxg2 Rxb3 52. c5 Rb7 53. c6 Rc7 $17) 48... Nc4 49. Ne4 (49. Nxc4 Rxc4 $11)
49... Rf4 50. Rd1 h4 51. Kf2 Rf5 52. Rd4 Ne5 53. Nd6 Rh5 54. Ne8+ 1/2-1/2